[Event "HUN-chT2 Breyer 1516"]
[Site "Hungary"]
[Date "2015.11.08"]
[Round "4.9"]
[White "Albert, Janos"]
[Black "D Albini, Geza"]
[Result "1-0"]
[WhiteElo "1980"]
[BlackElo "2007"]
[PlyCount "61"]
[EventDate "2015.09.13"]
[EventType "team-tourn"]
[EventRounds "11"]
[EventCountry "HUN"]
[SourceTitle "CBM 170 Extra"]
[Source "ChessBase"]
[SourceDate "2016.02.25"]
[SourceVersion "1"]
[SourceVersionDate "2016.02.25"]
[SourceQuality "1"]
[WhiteTeam "Zsambek"]
[BlackTeam "Vizugy"]
[WhiteTeamCountry "HUN"]
[BlackTeamCountry "HUN"]

1. e4 c5 2. Nf3 d6 3. d4 cxd4 4. Nxd4 Nf6 5. Nc3 a6 6. Bg5 e6 7. f4 Be7 8. Qf3 Nc6 9. 0-0-0 Nxd4 10. Rxd4 Qb6 11. Rd2 Bd7 12. e5 dxe5 13. fxe5 Bc6 14. Qg3 Nh5 15. Qh4 Bxg5 16. Qxg5 g6 17. Bd3 Qb4 18. Rf1 Qe7 19. Qe3 Rd8 20. Rdf2 Rf8 21. g4 Ng7 22. Qh6 Nf5 23. gxf5 exf5 24. Qxh7 Kd7 25. Re2 Rde8 26. Qh6 Rh8 27. Qe3 Rh4 28. Qb6 Reh8 29. Bxa6 Rb4 30. Bb5 Rc8 31. Qxb7+ 1-0

[Event "HUN-chT2 Breyer 1213"]
[Site "Hungary"]
[Date "2013.03.24"]
[Round "9.7"]
[White "Nagy, Istvan"]
[Black "Albert, Janos"]
[Result "1/2-1/2"]
[WhiteElo "1513"]
[BlackElo "1953"]
[PlyCount "29"]
[EventDate "2012.09.16"]
[EventType "team-tourn"]
[EventRounds "11"]
[EventCountry "HUN"]
[SourceTitle "EXT 2014"]
[Source "ChessBase"]
[SourceDate "2013.11.20"]
[SourceVersion "1"]
[SourceVersionDate "2013.11.20"]
[SourceQuality "1"]
[WhiteTeam "Szechenyi"]
[BlackTeam "Zsambek"]
[WhiteTeamCountry "HUN"]
[BlackTeamCountry "HUN"]

1. e4 d6 2. d4 Nf6 3. Nc3 g6 4. f4 Bg7 5. Nf3 c5 6. dxc5 Qa5 7. Bd2 Qxc5 8. h3 0-0 9. Bd3 Nc6 10. Qe2 Nd4 11. Nxd4 Qxd4 12. a3 Qb6 13. 0-0-0 Nd7 14. g4 Nc5 15. Bc4 1/2-1/2

[Event "HUN-chT2 Breyer 1213"]
[Site "Hungary"]
[Date "2013.03.03"]
[Round "8.6"]
[White "Bereczki, Istvan"]
[Black "Albert, Janos"]
[Result "1-0"]
[WhiteElo "2121"]
[BlackElo "1953"]
[PlyCount "63"]
[EventDate "2012.09.16"]
[EventType "team-tourn"]
[EventRounds "11"]
[EventCountry "HUN"]
[SourceTitle "EXT 2014"]
[Source "ChessBase"]
[SourceDate "2013.11.20"]
[SourceVersion "1"]
[SourceVersionDate "2013.11.20"]
[SourceQuality "1"]
[WhiteTeam "Szazhalombatta"]
[BlackTeam "Zsambek"]
[WhiteTeamCountry "HUN"]
[BlackTeamCountry "HUN"]

1. a3 g6 2. g3 Bg7 3. Bg2 e5 4. c4 f5 5. d3 Nf6 6. e3 0-0 7. Ne2 d6 8. 0-0 c6 9. Nbc3 Be6 10. Rb1 a5 11. b4 axb4 12. axb4 Nbd7 13. b5 Qc7 14. Qc2 Kh8 15. Bb2 Ra5 16. Ra1 Rfa8 17. Rxa5 Rxa5 18. Ra1 cxb5 19. Rxa5 Qxa5 20. cxb5 Nc5 21. d4 Bb3 22. Qc1 exd4 23. exd4 Na4 24. Bxb7 Nxb2 25. Qxb2 Bc4 26. Bc6 Bxe2 27. Nxe2 Qe1+ 28. Kg2 Ng4 29. Nf4 g5 30. b6 Nxf2 31. b7 Qh1+ 32. Kxf2 1-0

[Event "HUN-chT2 Breyer 1213"]
[Site "Hungary"]
[Date "2012.11.04"]
[Round "3.7"]
[White "Feher, Attila"]
[Black "Albert, Janos"]
[Result "1-0"]
[WhiteElo "2129"]
[BlackElo "1953"]
[PlyCount "80"]
[EventDate "2012.09.16"]
[EventType "team-tourn"]
[EventRounds "11"]
[EventCountry "HUN"]
[SourceTitle "EXT 2014"]
[Source "ChessBase"]
[SourceDate "2013.11.20"]
[SourceVersion "1"]
[SourceVersionDate "2013.11.20"]
[SourceQuality "1"]
[WhiteTeam "Torokbalint"]
[BlackTeam "Zsambek"]
[WhiteTeamCountry "HUN"]
[BlackTeamCountry "HUN"]

1. d4 Nf6 2. Nf3 g6 3. e3 Bg7 4. c4 0-0 5. Nc3 d6 6. Be2 Nc6 7. 0-0 e5 8. b3 e4 9. Nd2 Re8 10. Bb2 a5 11. a3 Bf5 12. Rc1 Qd7 13. Nb5 h5 14. Re1 Nh7 15. f4 exf3 16. Bxf3 Re7 17. Nc3 Nf6 18. Nd5 Nxd5 19. cxd5 Na7 20. e4 Rae8 21. Re2 Bg4 22. a4 f5 23. Qc2 fxe4 24. Rxe4 Bf5 25. Rxe7 Qxe7 26. Qc3 c5 27. dxc6 Nxc6 28. Bxc6 bxc6 29. Nf3 c5 30. Qc4+ Qf7 31. Qb5 Bd7 32. Qxa5 Qxb3 33. Qd2 Bxa4 34. Ba1 c4 35. Qg5 Qb5 36. Qxg6 Qd5 37. Ng5 Bc6 38. Qh7+ Kf8 39. Rf1+ Ke7 40. Qxg7+ Kd8 1-0

[Event "HUN-chT2 Breyer 1213"]
[Site "Hungary"]
[Date "2012.10.07"]
[Round "2.7"]
[White "Albert, Janos"]
[Black "Egri, Gyula"]
[Result "1-0"]
[WhiteElo "1953"]
[BlackElo "1968"]
[PlyCount "89"]
[EventDate "2012.09.16"]
[EventType "team-tourn"]
[EventRounds "11"]
[EventCountry "HUN"]
[SourceTitle "EXT 2014"]
[Source "ChessBase"]
[SourceDate "2013.11.20"]
[SourceVersion "1"]
[SourceVersionDate "2013.11.20"]
[SourceQuality "1"]
[WhiteTeam "Zsambek"]
[BlackTeam "Esztergom"]
[WhiteTeamCountry "HUN"]
[BlackTeamCountry "HUN"]

1. e4 b6 2. d4 Bb7 3. Bd3 g6 4. f4 Bg7 5. Nf3 d6 6. Nc3 Nd7 7. Be3 e6 8. Qe2 Ngf6 9. 0-0-0 a6 10. e5 dxe5 11. fxe5 Ng4 12. Bg1 0-0 13. Be4 Qc8 14. h3 Nh6 15. g4 c5 16. Bh2 cxd4 17. Rxd4 Nc5 18. Rhd1 Nxe4 19. Nxe4 Bxe4 20. Qxe4 b5 21. Bf4 Kh8 22. Bg5 Qc5 23. Kb1 Ng8 24. Rd7 Ra7 25. Rd8 Rc7 26. c3 Rc8 27. R8d7 Rc7 28. Be3 Qc6 29. Qxc6 Rxc6 30. Ra7 Nh6 31. Rdd7 Kg8 32. Bd4 b4 33. cxb4 Rfc8 34. Bc5 Bf8 35. Nd4 Bxc5 36. Nxc6 Bxa7 37. Nxa7 Rc4 38. a3 Re4 39. Nc6 Re3 40. Ra7 Rxh3 41. Rxa6 Nxg4 42. b5 Rb3 43. b6 h5 44. Ka2 Rb5 45. a4 1-0

[Event "HUN-chT2 Breyer 1112"]
[Site "Hungary"]
[Date "2012.05.20"]
[Round "11.9"]
[White "Kovacs, Daniel1111"]
[Black "Albert, Janos"]
[Result "1-0"]
[WhiteElo "1833"]
[BlackElo "1939"]
[PlyCount "47"]
[EventDate "2011.09.25"]
[EventType "team-tourn"]
[EventRounds "11"]
[EventCountry "HUN"]
[SourceTitle "EXT 2013"]
[Source "ChessBase"]
[SourceDate "2012.11.22"]
[SourceVersion "1"]
[SourceVersionDate "2012.11.22"]
[SourceQuality "1"]
[WhiteTeam "Husi"]
[BlackTeam "Zsambek"]
[WhiteTeamCountry "HUN"]
[BlackTeamCountry "HUN"]

1. e4 d6 2. d4 Nf6 3. Nc3 g6 4. Bc4 Bg7 5. Nf3 0-0 6. Bg5 h6 7. Be3 Nc6 8. Qd2 Kh7 9. h4 Ng4 10. 0-0-0 Nxe3 11. Qxe3 e5 12. dxe5 Nxe5 13. Nxe5 Bxe5 14. f4 Bg7 15. h5 Bg4 16. hxg6+ fxg6 17. Rdf1 Qf6 18. f5 h5 19. Kb1 c5 20. Qg3 gxf5 21. exf5 Qd4 22. Rf4 Be5 23. Rxd4 Bxg3 24. Rxg4 1-0

[Event "HUN-chT2 Breyer 1112"]
[Site "Hungary"]
[Date "2012.04.22"]
[Round "9.8"]
[White "Albert, Janos"]
[Black "Mullner, Janos"]
[Result "1/2-1/2"]
[WhiteElo "1939"]
[BlackElo "1919"]
[PlyCount "65"]
[EventDate "2011.09.25"]
[EventType "team-tourn"]
[EventRounds "11"]
[EventCountry "HUN"]
[SourceTitle "EXT 2013"]
[Source "ChessBase"]
[SourceDate "2012.11.22"]
[SourceVersion "1"]
[SourceVersionDate "2012.11.22"]
[SourceQuality "1"]
[WhiteTeam "Zsambek"]
[BlackTeam "Biatorbagy"]
[WhiteTeamCountry "HUN"]
[BlackTeamCountry "HUN"]

1. e4 c6 2. d4 d5 3. Nc3 dxe4 4. Nxe4 Bf5 5. Ng3 Bg6 6. h4 h6 7. f4 e6 8. Nf3 Be7 9. h5 Bh7 10. Bd3 Bxd3 11. Qxd3 Nd7 12. Bd2 Qc7 13. Qe2 Ngf6 14. 0-0-0 0-0-0 15. Ne5 Rhf8 16. Kb1 Nd5 17. c4 Nb4 18. a3 Na6 19. Bc3 Nxe5 20. dxe5 Qb6 21. Ka2 c5 22. Ne4 Nb8 23. Qg4 Nc6 24. Qxg7 Qa6 25. Nd6+ Bxd6 26. Rxd6 Nb4+ 27. Kb3 Nc6 28. Rhd1 b5 29. Rxd8+ Rxd8 30. Rxd8+ Nxd8 31. cxb5 Qxb5+ 32. Kc2 Qe2+ 33. Kb3 1/2-1/2

[Event "HUN-chT2 Breyer 1112"]
[Site "Hungary"]
[Date "2011.11.13"]
[Round "3.9"]
[White "Albert, Janos"]
[Black "Papp, Gabor1111"]
[Result "1-0"]
[WhiteElo "1939"]
[BlackElo "1887"]
[PlyCount "98"]
[EventDate "2011.09.25"]
[EventType "team-tourn"]
[EventRounds "11"]
[EventCountry "HUN"]
[SourceTitle "EXT 2013"]
[Source "ChessBase"]
[SourceDate "2012.11.22"]
[SourceVersion "1"]
[SourceVersionDate "2012.11.22"]
[SourceQuality "1"]
[WhiteTeam "Zsambek"]
[BlackTeam "Gyor Komszomol"]
[WhiteTeamCountry "HUN"]
[BlackTeamCountry "HUN"]

1. e4 e5 2. f4 d6 3. Nf3 Nd7 4. Bc4 Be7 5. 0-0 Ngf6 6. Nc3 c5 7. d3 h6 8. a4 a5 9. h3 b6 10. Be3 Ba6 11. Bb3 Qc7 12. Nd5 Nxd5 13. Bxd5 Bb7 14. Bc4 Rf8 15. c3 f6 16. Nh4 exf4 17. Nf5 Ne5 18. Nxg7+ Kd7 19. Be6+ Kd8 20. Bxf4 Rh8 21. d4 Nd7 22. Bf5 Nf8 23. Qh5 Bc6 24. dxc5 bxc5 25. Rfd1 Bd7 26. Qf7 Qc6 27. Rd2 Bxf5 28. exf5 Ra6 29. Rad1 Qd7 30. Qc4 Rb6 31. Rd5 Kc8 32. Rxc5+ dxc5 33. Rxd7 Nxd7 34. Ne6 Bd6 35. b4 axb4 36. cxb4 Bxf4 37. Nxf4 Rxb4 38. Qa6+ Kb8 39. Qd6+ Kc8 40. Nd5 Rb1+ 41. Kh2 Rb7 42. Ne7+ Kd8 43. Qc6 Rb8 44. Nd5 Rf8 45. a5 Rc8 46. Qd6 Rf7 47. a6 Ra8 48. Nc7 Ra7 49. Nb5 Ra8 1-0

[Event "HUN-chT2 Charousek 1011"]
[Site "Hungary"]
[Date "2011.05.01"]
[Round "10"]
[White "Jakab, Norbert"]
[Black "Albert, Janos"]
[Result "0-1"]
[WhiteElo "1830"]
[BlackElo "1938"]
[PlyCount "104"]
[EventDate "2010.09.12"]
[EventType "team-tourn"]
[EventRounds "11"]
[EventCountry "HUN"]
[SourceTitle "EXT 2012"]
[Source "ChessBase"]
[SourceDate "2011.11.24"]
[SourceVersion "1"]
[SourceVersionDate "2011.11.24"]
[SourceQuality "1"]
[WhiteTeam "Kisber Aszar"]
[BlackTeam "Tapolca"]
[WhiteTeamCountry "HUN"]
[BlackTeamCountry "HUN"]

1. e4 d6 2. d4 Nf6 3. Nc3 g6 4. Nf3 Bg7 5. Bc4 0-0 6. Bf4 Nxe4 7. Nxe4 d5 8. Bxc7 Qxc7 9. Bxd5 Qa5+ 10. Nc3 Nc6 11. h3 Qb4 12. Bb3 Nxd4 13. Nxd4 Bxd4 14. Qf3 a5 15. a3 Bxc3+ 16. bxc3 Qc5 17. 0-0 a4 18. Bd5 e6 19. Bxb7 Bxb7 20. Qxb7 Qxc3 21. Rfc1 Rac8 22. Qb4 Rc4 23. Qxc3 Rxc3 24. Ra2 Rfc8 25. Kf1 e5 26. Ke2 f5 27. Kd2 e4 28. Re1 Kg7 29. Re3 R3c4 30. g3 Kf6 31. Rb2 Rd4+ 32. Kc1 Rcd8 33. Rb6+ Ke5 34. Rc3 Rd1+ 35. Kb2 R1d2 36. Rb5+ R8d5 37. Rxd5+ Kxd5 38. f3 exf3 39. Rxf3 Ke4 40. Rf4+ Ke3 41. Rxa4 Rg2 42. Rh4 h5 43. g4 hxg4 44. hxg4 Rxg4 45. Rh3+ Ke2 46. Rh2+ Kf3 47. Kc3 Kg3 48. Rh1 Kg2 49. Rd1 f4 50. Kd2 f3 51. Ke3 Rg3 52. Rd2+ f2+ 0-1